00374nas a22001217a 4500008004100000022001400041245004600055260008200101300000900183310001500192546001600207650002900223130226t20079999bl ||||| |||| 00| 0 por d a2238-2909 aEducaçao Continuada em Saúde Einstein aSâo Paulo:bInstituto Israelita de Ensino e Pesquisa Albert Einstein,c2007 av. : atrimestral aportugués aEDUCACION CONTINUA-SALUD